Aussenwirtschaft schweizerische Zeitschrift für internationale Wirtschaftsbeziehungen

Na minha lista:
Detalhes bibliográficos
Formato: Periódico
Idioma:alemão
Publicado em: Düssenhofen Rüegger 1987
Tags: Adicionar Tag
Sem tags, seja o primeiro a adicionar uma tag!

MARC

LEADER 00000nas2a2200000 4500
001 s025223
005 20250730114133.9
041 0 |a ger 
044 |a CH 
245 1 0 |a Aussenwirtschaft  |b schweizerische Zeitschrift für internationale Wirtschaftsbeziehungen 
264 1 |a Düssenhofen  |b Rüegger  |c 1987 
300 |a 1 zv. 
773 0 |w eu_un_cat*s120084